|
|
|
|
| LEADER |
00000nam a2200000Ii 4500 |
| 001 |
DIGEJTLOZ187 |
| 003 |
NyNyDIG |
| 006 |
m o d |
| 007 |
cr ||||||||||| |
| 008 |
211104s2017 ck a o 000 0 spa d |
| 035 |
|
|
|a (OCoLC)1089134492
|
| 040 |
|
|
|a DGITA
|b eng
|e rda
|e pn
|c DGITA
|
| 020 |
|
|
|a 9789587252279
|q eBook
|
| 020 |
|
|
|z 9789587252262
|q impreso
|
| 050 |
1 |
4 |
|a QA276 ebook
|
| 082 |
0 |
4 |
|a 519.53
|
| 100 |
1 |
|
|a González Támara, Leandro,
|e author.
|
| 245 |
1 |
0 |
|a Análisis exploratorio de datos :
|b una introducción a la estadística descriptiva y probabilidad /
|c Leandro González Támara.
|
| 264 |
|
1 |
|a Bogotá :
|b Editorial Utadeo,
|c 2017.
|
| 300 |
|
|
|a 1 online resource :
|b illustrations.
|
| 336 |
|
|
|a text
|b txt
|2 rdacontent
|
| 337 |
|
|
|a computer
|b c
|2 rdamedia
|
| 338 |
|
|
|a online resource
|b cr
|2 rdacarrier
|
| 347 |
|
|
|a text file
|2 rdaft
|
| 347 |
|
|
|b PDF
|
| 588 |
0 |
|
|a Online resource; title from PDF title page (Digitalia, viewed November 4, 2021)
|
| 650 |
|
0 |
|a Statistics.
|
| 650 |
|
0 |
|a Probabilities.
|
| 655 |
|
0 |
|a Electronic books.
|
| 791 |
2 |
|
|a Digitalia (Firm),
|e distributor.
|
| 793 |
0 |
|
|g Digitalia eBook Collection:
|a Editorial Universidad de Bogotá Jorge Tadeo Lozano
|
| 776 |
0 |
8 |
|i Print version:
|a González Támara, Leandro.
|t Análisis exploratorio de datos.
|d Bogotá : Editorial Utadeo, 2017
|z 9789587252262
|
| 856 |
4 |
0 |
|3 Digitalia Hispánica
|u https://www.digitaliapublishing.com/a/70426/
|
| 910 |
|
|
|a Premium collection: 2021
|